| 000 | 00458 a2200193 4500 | ||
|---|---|---|---|
| 999 |
_c13178 _d13178 |
||
| 003 | OSt | ||
| 005 | 20250325170558.0 | ||
| 008 | 250325b ||||| |||| 00| 0 eng d | ||
| 020 | _a9781108891738 | ||
| 040 | _aBMSCA | ||
| 041 | _aeng. | ||
| 082 |
_a425 _bSAM |
||
| 100 | _aSam, Praveen | ||
| 245 | _aCourse In technical English | ||
| 260 |
_bCambridge University Press _c2020 _aNew Delhi |
||
| 300 | _avii, 230 p | ||
| 700 | _aShobha, KN | ||
| 942 | _2ddc | ||